Sổ tay kỹ sư tư vấn giám sát chất lượng xây dựng công trình giao thông Lưu hành nội bộ
Giới thiệu những vấn đề về thể chất; Công trình đường bộ; Công trình cầu, cảng và các kết cấu khác.
Đã lưu trong:
| Tác giả chính: | |
|---|---|
| Định dạng: | Sách |
| Năm xuất bản: |
H.
[Knxb]
2000
|
| Chủ đề: | |
| Tags: |
Thêm thẻ
Không có thẻ, Hãy là người đầu tiên gắn thẻ bản ghi này!
|
| LEADER | 00952nam a2200217 4500 | ||
|---|---|---|---|
| 999 | |c 1059 |d 1059 | ||
| 082 | |a 624 |b S450t. | ||
| 100 | |a Nguyễn Xuân Đào | ||
| 245 | |a Sổ tay kỹ sư tư vấn giám sát chất lượng xây dựng công trình giao thông |b Lưu hành nội bộ |c Nguyễn Xuân Đào, Dương Học hải, Nguyễn Quang Chiêu,... | ||
| 260 | |a H. |b [Knxb] |c 2000 | ||
| 300 | |a 366tr. |c 27cm | ||
| 520 | |a Giới thiệu những vấn đề về thể chất; Công trình đường bộ; Công trình cầu, cảng và các kết cấu khác. | ||
| 653 | |a Kỹ thuật | ||
| 653 | |a Kỹ thuật xây dựng | ||
| 653 | |a Tư vấn | ||
| 653 | |a Giám sát | ||
| 653 | |a Chất lượng | ||
| 653 | |a Công trình giao thông | ||
| 653 | |a Sổ tay | ||
| 942 | |2 ddc |c SH | ||
| 952 | |0 0 |1 0 |2 ddc |4 0 |6 624_000000000000000_S450T |7 0 |8 600 |9 19352 |a qbu |b qbu |c D3 |d 2014-12-03 |g 150000 |o 624 S450t. |p 5718.c1 |w 2014-12-03 |y SH |0 0 |6 624_000000000000000_S450T | ||